[Event "VII Festival Magistrale"]
[Site "Marostica ITA"]
[Date "1997.09.11"]
[Round "6"]
[White "Ferraro, Francesco"]
[Black "Rosino, Antonio"]
[Result "0-1"]
[WhiteElo "2060"]
[BlackElo "2265"]
[PlyCount "58"]
[EventDate "1997.09.07"]

1. d4 Nf6 2. Nf3 g6 3. Bf4 Bg7 4. e3 c5 5. c3 Qb6 6. Qb3 d6 7. Nbd2 Nh5 8. Bg3
Qxb3 9. axb3 Nxg3 10. hxg3 O-O 11. Bd3 Nc6 12. Kd1 cxd4 13. exd4 e5 14. d5 Ne7
15. Nc4 Nxd5 16. Nxd6 Rd8 17. Nxc8 Raxc8 18. Ke2 e4 19. Bxe4 Re8 20. Kd3 Nxc3
21. Bxb7 Red8+ 22. Ke3 Rc7 23. bxc3 Rxb7 24. Ra4 Rxb3 25. Rxa7 Rxc3+ 26. Kf4 h5
27. Re1 Bh6+ 28. Ke5 Rc5+ 29. Kf6 Rd6+ 0-1

[Event "VII Festival Magistrale"]
[Site "Marostica ITA"]
[Date "1997.09.11"]
[Round "6"]
[White "Gallo, Enrico"]
[Black "Guido, Flavio"]
[Result "0-1"]
[WhiteElo "2225"]
[BlackElo "2335"]
[PlyCount "130"]
[EventDate "1997.09.07"]

1. e4 c5 2. Nf3 e6 3. d4 cxd4 4. Nxd4 Nf6 5. Nc3 d6 6. Bc4 Be7 7. Be3 O-O 8.
Qe2 d5 9. exd5 exd5 10. Bd3 Nc6 11. O-O Re8 12. Qf3 Ne5 13. Qd1 Nxd3 14. Qxd3
h6 15. h3 Bd6 16. Rad1 Bb8 17. Nde2 Be6 18. Nb5 Bd7 19. Nf4 Bc6 20. Nd4 Qd6 21.
c3 a6 22. Rfe1 Bc7 23. Nf5 Qd7 24. g3 Re4 25. f3 Re5 26. g4 Rae8 27. Qd2 Kh7
28. Kg2 Rxe3 29. Nxe3 Bxf4 30. Qd3+ g6 31. Nc2 Bc7 32. Qd4 Qd6 33. f4 Qxf4 34.
Qxf4 Bxf4 35. Nd4 Bd7 36. Kf3 Bg5 37. Rxe8 Nxe8 38. Re1 Nd6 39. Re5 Bc6 40. Ke2
Bf6 41. Nxc6 bxc6 42. Re3 Kg7 43. Kd3 a5 44. Kc2 a4 45. a3 Kf8 46. b3 Nb5 47.
bxa4 Nxa3+ 48. Kd3 Nc4 49. Re2 Bd8 50. Kc2 Ba5 51. Kd3 c5 52. h4 Nb6 53. Re5
Kg7 54. Kc2 Nxa4 55. Rxd5 Bxc3 56. Kb3 Nb6 57. Rd6 Ba5 58. Rc6 Nd7 59. Rd6 Nf6
60. g5 hxg5 61. hxg5 Nh7 62. Rd5 Bb4 63. Kc4 Nf8 64. Rd1 Ne6 65. Rg1 Ba5 0-1

[Event "VII Festival Magistrale"]
[Site "Marostica ITA"]
[Date "1997.09.11"]
[Round "6"]
[White "Godena, Michele"]
[Black "Mrdja, Milan"]
[Result "1/2-1/2"]
[WhiteElo "2515"]
[BlackElo "2390"]
[PlyCount "28"]
[EventDate "1997.09.07"]

1. Nf3 Nf6 2. d4 g6 3. g3 Bg7 4. Bg2 O-O 5. O-O c6 6. b3 d5 7. c4 Ne4 8. Bb2 b6
9. Nc3 Nxc3 10. Bxc3 Bb7 11. Qc2 Nd7 12. Rac1 Rc8 13. Rfd1 e6 14. Qb2 Qe7
1/2-1/2

[Event "VII Festival Magistrale"]
[Site "Marostica ITA"]
[Date "1997.09.11"]
[Round "6"]
[White "Lapiccirella, Mattia"]
[Black "Everet, Alexandro"]
[Result "1/2-1/2"]
[WhiteElo "1930"]
[BlackElo "2225"]
[PlyCount "81"]
[EventDate "1997.09.07"]

1. d4 g6 2. c4 Bg7 3. Nf3 Nf6 4. Nc3 O-O 5. e4 d6 6. Be2 Bg4 7. Be3 Nbd7 8. O-O
c6 9. h3 Bxf3 10. Bxf3 Qc7 11. Rc1 Kh8 12. g3 Ng8 13. Qd2 Rad8 14. Be2 f5 15.
f4 fxe4 16. Nxe4 e6 17. Ng5 Rde8 18. Bg4 Rf6 19. d5 exd5 20. cxd5 h5 21. Ne6
Qc8 22. Nxg7 Kxg7 23. Bxd7 Qxd7 24. Bd4 Qxh3 25. Qg2 Qg4 26. Rfe1 Rxe1+ 27.
Rxe1 c5 28. Bc3 Kh7 29. Bxf6 Nxf6 30. Re7+ Kh6 31. Re6 Qd1+ 32. Kh2 Ng4+ 33.
Kh3 Qb1 34. a3 Qf5 35. Qe2 Qxd5 36. Qe1 Nf2+ 37. Kh2 Ng4+ 38. Kh3 Nf2+ 39. Kh2
Ng4+ 40. Kh3 Nf2+ 41. Kh2 1/2-1/2

[Event "VII Festival Magistrale"]
[Site "Marostica ITA"]
[Date "1997.09.11"]
[Round "6"]
[White "Lucaroni, Massimiliano"]
[Black "De Bortoli, Peter"]
[Result "1-0"]
[WhiteElo "2280"]
[BlackElo "2085"]
[PlyCount "71"]
[EventDate "1997.09.07"]

1. e4 c5 2. Nc3 a6 3. Nf3 d6 4. d4 cxd4 5. Nxd4 Nf6 6. Be2 e6 7. O-O Be7 8. f4
Qc7 9. Be3 O-O 10. g4 Nc6 11. g5 Nd7 12. f5 Nxd4 13. Qxd4 Re8 14. Bh5 g6 15.
fxe6 fxe6 16. Nd5 Qd8 17. Nf6+ Bxf6 18. gxf6 Kf7 19. Be2 Qc7 20. Rad1 Qxc2 21.
Qxd6 Qxe2 22. Qxd7+ Bxd7 23. Rxd7+ Re7 24. Rxe7+ Kg8 25. f7+ Kf8 26. Re8+ Rxe8
27. Bc5+ Kg7 28. fxe8=Q Qg4+ 29. Kf2 Qf4+ 30. Ke2 Qxe4+ 31. Be3 Qc2+ 32. Ke1
Qb1+ 33. Kf2 Qf5+ 34. Kg3 Qxf1 35. Qe7+ Qf7 36. Bh6+ 1-0

[Event "VII Festival Magistrale"]
[Site "Marostica ITA"]
[Date "1997.09.11"]
[Round "6"]
[White "Nurkic, Sahbaz"]
[Black "Lazarev, Vladimir"]
[Result "1/2-1/2"]
[WhiteElo "2430"]
[BlackElo "2500"]
[PlyCount "34"]
[EventDate "1997.09.07"]

1. e4 c5 2. c3 d5 3. exd5 Qxd5 4. d4 Nf6 5. Nf3 g6 6. Be2 cxd4 7. cxd4 Bg7 8.
Nc3 Qd8 9. O-O O-O 10. Ne5 Be6 11. Bf3 Nd5 12. Re1 Na6 13. h4 Rc8 14. h5 Nac7
15. hxg6 hxg6 16. Bg5 Nxc3 17. bxc3 Bxe5 1/2-1/2

[Event "VII Festival Magistrale"]
[Site "Marostica ITA"]
[Date "1997.09.11"]
[Round "6"]
[White "Perezzani, Stefano"]
[Black "Cacco, Christian"]
[Result "0-1"]
[WhiteElo "1974"]
[BlackElo "2175"]
[PlyCount "104"]
[EventDate "1997.09.07"]

1. e4 e5 2. Nf3 Nc6 3. d4 exd4 4. Nxd4 Nf6 5. Nxc6 bxc6 6. e5 Nd5 7. Bc4 Nb6 8.
Bd3 d5 9. O-O g6 10. f4 c5 11. c3 Bg7 12. Nd2 Qe7 13. Nf3 O-O 14. Re1 Be6 15.
Ng5 Rad8 16. Qe2 c4 17. Bc2 c5 18. Nxe6 fxe6 19. b3 Rf7 20. Rf1 Qd7 21. bxc4
Nxc4 22. Bb3 Nb6 23. Be3 Qc6 24. Rad1 a5 25. a3 a4 26. Ba2 Bf8 27. Rd2 Rfd7 28.
Rfd1 Rb7 29. Qf2 Rf7 30. Qe2 Rb8 31. Rb1 Rfb7 32. Rdb2 Nd7 33. Qc2 Rxb2 34.
Rxb2 Rxb2 35. Qxb2 Qb6 36. Qd2 Nb8 37. g4 Nc6 38. Bxd5 exd5 39. Qxd5+ Kg7 40.
Qe6 Be7 41. f5 Qb1+ 42. Kf2 Bh4+ 43. Ke2 Qc2+ 44. Kf3 Qd1+ 45. Kf4 Nd8 46. f6+
Kh6 47. Ke4+ Bg5 48. Bxg5+ Kxg5 49. Qe8 c4 50. h4+ Kxg4 51. e6 Qf3+ 52. Ke5
Qf5+ 0-1

[Event "VII Festival Magistrale"]
[Site "Marostica ITA"]
[Date "1997.09.11"]
[Round "6"]
[White "Ricca, Roberto"]
[Black "Micheli, Carlo"]
[Result "1-0"]
[WhiteElo "2145"]
[BlackElo "2295"]
[PlyCount "79"]
[EventDate "1997.09.07"]

1. f4 Nf6 2. Nf3 c5 3. g3 g6 4. Bg2 Bg7 5. O-O Nc6 6. d3 d5 7. Qe1 b6 8. e4 O-O
9. e5 Ne8 10. Nc3 Nc7 11. h3 f6 12. exf6 exf6 13. f5 Re8 14. Qf2 Bxf5 15. Bf4
Be6 16. g4 Bf7 17. Rae1 Rc8 18. Qg3 Qd7 19. Rf2 Rxe1+ 20. Nxe1 Ne7 21. Re2 Ne8
22. Qe3 Nc6 23. Qd2 Nd4 24. Rf2 b5 25. Nd1 Ne6 26. Bg3 b4 27. Nf3 a5 28. Re2
N8c7 29. Qe1 Bf8 30. h4 Nb5 31. c3 Bd6 32. g5 Nf4 33. Bxf4 Bxf4 34. gxf6 Qd6
35. Ng5 Nc7 36. Re7 Rf8 37. Nf2 Bg3 38. Ng4 Kh8 39. Nh6 Bg8 40. f7 1-0

[Event "VII Festival Magistrale"]
[Site "Marostica ITA"]
[Date "1997.09.11"]
[Round "6"]
[White "Safranska, Anda"]
[Black "Quinn, Mark Peter"]
[Result "0-1"]
[WhiteElo "2270"]
[BlackElo "2375"]
[PlyCount "74"]
[EventDate "1997.09.07"]

1. e4 c5 2. Nf3 Nc6 3. d4 cxd4 4. Nxd4 e5 5. Nb5 d6 6. N1c3 a6 7. Na3 b5 8. Nd5
Nge7 9. c3 Nxd5 10. Qxd5 Qc7 11. Nc2 Be6 12. Qd1 Be7 13. Ne3 O-O 14. Be2 Qb7
15. O-O Na5 16. b3 Rac8 17. Qd3 Qc6 18. Bd2 Nb7 19. b4 f5 20. Nxf5 Bxf5 21.
exf5 d5 22. Bg4 Bf6 23. Rad1 Rfd8 24. Rc1 Nd6 25. h4 h6 26. g3 Nc4 27. f4 e4
28. Qe2 Nxd2 29. Qxd2 Bxc3 30. Qd1 Qf6 31. Kg2 d4 32. Qb3+ Rc4 33. Rxc3 dxc3
34. Be2 Rd3 35. Bxd3 exd3 36. Re1 Qc6+ 37. Kh3 d2 0-1

[Event "VII Festival Magistrale"]
[Site "Marostica ITA"]
[Date "1997.09.11"]
[Round "6"]
[White "Vincenzi, Riccardo"]
[Black "Di Lazzaro, Gabriele"]
[Result "1-0"]
[WhiteElo "1900"]
[BlackElo "2030"]
[PlyCount "77"]
[EventDate "1997.09.07"]

1. c4 b6 2. Nc3 e6 3. e4 Bb7 4. d4 Bb4 5. Bd3 f5 6. d5 fxe4 7. Bxe4 Qh4 8. Qd3
Nf6 9. Bf3 Ng4 10. Qe2 Bxc3+ 11. bxc3 Qf6 12. Bd2 Ne5 13. Be4 O-O 14. Nh3 Ng6
15. O-O Na6 16. Ng5 h6 17. Qh5 Ne7 18. Nh7 Qf7 19. Qg4 Rfd8 20. Bxh6 Nf5 21.
Bg5 Kxh7 22. dxe6 dxe6 23. Bxb7 Nc5 24. Bxa8 Rxa8 25. Rad1 Nd6 26. Qh4+ Kg8 27.
Be3 Nd7 28. Rfe1 Nf5 29. Qh3 Rf8 30. Rf1 Nf6 31. Bd4 Nd7 32. Kh1 c5 33. Be3 Nf6
34. Kg1 Qg6 35. Bf4 Kf7 36. Be5 Rg8 37. Qf3 Qh6 38. Bf4 g5 39. Be5 1-0

[Event "VII Festival Magistrale"]
[Site "Marostica ITA"]
[Date "1997.09.??"]
[Round "7"]
[White "Astengo, Marcello"]
[Black "Alberton, Roberto"]
[Result "0-1"]
[WhiteElo "2040"]
[BlackElo "2190"]
[PlyCount "94"]
[EventDate "1997.09.07"]

1. d4 d5 2. Nf3 Bf5 3. Bf4 e6 4. e3 c6 5. Bd3 Bxd3 6. Qxd3 Nf6 7. Nbd2 Nbd7 8.
Ne5 Nxe5 9. Bxe5 Be7 10. Nf3 Qb6 11. O-O h6 12. Bg3 Ne4 13. Ne5 h5 14. f3 Nxg3
15. hxg3 Bd6 16. f4 f5 17. Nf3 Be7 18. Kf2 Bf6 19. Rh1 O-O-O 20. Rab1 Rdg8 21.
Qa3 Kd7 22. c4 Qc7 23. Rbc1 a6 24. Rhd1 g6 25. Ne5+ Ke8 26. Qd3 Rh7 27. b4 h4
28. gxh4 Bxh4+ 29. Kf3 Bf6 30. a4 Bxe5 31. dxe5 Qe7 32. cxd5 exd5 33. b5 axb5
34. axb5 Qh4 35. Rh1 Qg4+ 36. Kf2 Rgh8 37. Rhg1 Rh2 38. Qa3 R8h3 39. Qa8+ Kf7
40. Qxb7+ Kg8 41. Qb8+ Kh7 42. Qa7+ Kh6 43. Rcf1 Rf3+ 44. Ke1 Qg3+ 45. Ke2
Rxg2+ 46. Rxg2 Qxg2+ 47. Ke1 Rxf1# 0-1

[Event "VII Festival Magistrale"]
[Site "Marostica ITA"]
[Date "1997.09.??"]
[Round "7"]
[White "Belotti, Bruno"]
[Black "Safranska, Anda"]
[Result "1-0"]
[WhiteElo "2410"]
[BlackElo "2270"]
[PlyCount "79"]
[EventDate "1997.09.07"]

1. e4 d6 2. d4 Nf6 3. Nc3 g6 4. f4 Bg7 5. Nf3 O-O 6. Bd3 Na6 7. O-O c5 8. d5
Nc7 9. Qe1 Rb8 10. a4 b6 11. Qh4 a6 12. f5 b5 13. Bh6 b4 14. Nd1 Nce8 15. Ng5
Nh5 16. Bxg7 Kxg7 17. Nxh7 Rh8 18. Ng5 f6 19. Ne6+ Bxe6 20. fxe6 Nc7 21. Ne3
Rh6 22. Qf2 Kh8 23. Nc4 Qg8 24. Na5 Qh7 25. Nc6 Re8 26. c3 g5 27. Qf5 Nf4 28.
Qxh7+ Kxh7 29. Rfd1 bxc3 30. bxc3 Kg7 31. g3 Nh3+ 32. Kg2 f5 33. Rf1 f4 34. Be2
Kf6 35. Rab1 Reh8 36. Rb8 Ne8 37. Rb7 R6h7 38. Bg4 Ng7 39. Rxe7 Kg6 40. Rf7 1-0

[Event "VII Festival Magistrale"]
[Site "Marostica ITA"]
[Date "1997.09.??"]
[Round "7"]
[White "Cacco, Christian"]
[Black "Micheli, Carlo"]
[Result "1/2-1/2"]
[WhiteElo "2175"]
[BlackElo "2295"]
[PlyCount "152"]
[EventDate "1997.09.07"]

1. d4 Nf6 2. Nf3 g6 3. c4 Bg7 4. Nc3 O-O 5. e4 d6 6. Be2 Na6 7. O-O e5 8. a3
exd4 9. Nxd4 Nc5 10. f3 a5 11. b3 c6 12. Be3 Qe7 13. Qd2 Re8 14. b4 Ne6 15.
Nxe6 Bxe6 16. b5 Nd7 17. Rac1 Nc5 18. Rcd1 Red8 19. Qc2 f5 20. Bd3 Qf7 21. bxc6
bxc6 22. exf5 gxf5 23. Bxc5 dxc5 24. Ne2 Rab8 25. Rb1 Qd7 26. Rfd1 Rxb1 27.
Qxb1 Kh8 28. Bc2 Bd4+ 29. Kh1 Bxc4 30. Bxf5 Qf7 31. Ng3 Rg8 32. Bg4 Bd5 33. Nf5
Bg7 34. Re1 c4 35. h4 Qf6 36. h5 Bf8 37. Qc1 c3 38. Re3 a4 39. Rxc3 Rg5 40. Ne3
Re5 41. Rd3 Re8 42. Qc3 Qxc3 43. Rxc3 Bb3 44. Bd7 Re5 45. Bxc6 Rxh5+ 46. Kg1
Bxa3 47. Bxa4 Bxa4 48. Rxa3 Ra5 49. Kf2 Ra8 50. Nc4 Bc6 51. Rxa8+ Bxa8 52. g4
Kg7 53. Kg3 Kf6 54. f4 Bd5 55. Ne3 Be4 56. Kh4 Kg7 57. Nc4 Bd5 58. Ne5 Be6 59.
Nf3 h6 60. Kg3 Kf6 61. Nd4 Bd7 62. Kh4 Kg7 63. f5 Be8 64. Kg3 Kf6 65. Kf4 Bd7
66. Ne2 Ba4 67. Nc3 Bc2 68. Nd5+ Kf7 69. Ke5 Bd1 70. Ne3 Be2 71. f6 Kf8 72. Ke6
Bf3 73. Kf5 Kf7 74. Ke5 Kf8 75. Kf4 Be2 76. Nf5 Bxg4 1/2-1/2

[Event "VII Festival Magistrale"]
[Site "Marostica ITA"]
[Date "1997.09.??"]
[Round "7"]
[White "Carli, Carlo"]
[Black "Perezzani, Stefano"]
[Result "1/2-1/2"]
[WhiteElo "2003"]
[BlackElo "1974"]
[PlyCount "54"]
[EventDate "1997.09.07"]

1. e4 e6 2. d4 d5 3. exd5 exd5 4. Nf3 Bd6 5. Bd3 Ne7 6. O-O Nbc6 7. c3 Bg4 8.
Nbd2 Qd7 9. Re1 O-O 10. Nf1 Bf5 11. Ng3 Bxd3 12. Qxd3 Ng6 13. Qb5 Bxg3 14. hxg3
Rab8 15. a4 a6 16. Qd3 Rbe8 17. Bf4 Rxe1+ 18. Rxe1 Nxf4 19. gxf4 Re8 20. Ne5
Nxe5 21. fxe5 Qxa4 22. f4 Qd7 23. f5 g6 24. Rf1 gxf5 25. Rxf5 Re6 26. Rh5 Rg6
27. Rf5 c6 1/2-1/2

[Event "VII Festival Magistrale"]
[Site "Marostica ITA"]
[Date "1997.09.??"]
[Round "7"]
[White "Ciolac, Gheorghe"]
[Black "Lapiccirella, Mattia"]
[Result "1/2-1/2"]
[WhiteElo "2385"]
[BlackElo "1930"]
[PlyCount "74"]
[EventDate "1997.09.07"]

1. e4 c5 2. Ne2 Nc6 3. Nbc3 Nf6 4. d4 cxd4 5. Nxd4 d6 6. g3 e6 7. Bg2 Be7 8.
O-O Bd7 9. Ndb5 Qb8 10. a4 a6 11. Na3 Qc7 12. Be3 Rb8 13. f4 O-O 14. Qe2 Bc8
15. h3 Rd8 16. Bf2 b6 17. Rfe1 Nd7 18. Qc4 Bb7 19. Nd5 Qc8 20. Qxc6 exd5 21.
Qxc8 Rdxc8 22. exd5 Bf6 23. Rab1 g6 24. Re2 Kf8 25. b3 b5 26. c4 bxa4 27. bxa4
Ba8 28. Rxb8 Rxb8 29. Ra2 Rb4 30. Nb5 axb5 31. cxb5 Bd4 32. Rc2 Bxf2+ 33. Kxf2
Rxa4 34. Rc7 Ke7 35. b6 Rb4 36. Ra7 Rb2+ 37. Kf1 Rb1+ 1/2-1/2

[Event "VII Festival Magistrale"]
[Site "Marostica ITA"]
[Date "1997.09.??"]
[Round "7"]
[White "De Vita, Gianni"]
[Black "Vincenzi, Riccardo"]
[Result "0-1"]
[WhiteElo "2155"]
[BlackElo "1900"]
[PlyCount "148"]
[EventDate "1997.09.07"]

1. e4 g6 2. d4 Bg7 3. Nc3 c5 4. dxc5 Qa5 5. Bd2 Qxc5 6. Nf3 Nf6 7. Bd3 a6 8. a4
O-O 9. O-O Nc6 10. Qe2 d6 11. h3 h6 12. a5 Be6 13. Rfb1 Nd7 14. Nd1 Nce5 15.
Be3 Nxf3+ 16. Qxf3 Qc6 17. Qe2 Ne5 18. Qd2 Kh7 19. c3 Bxh3 20. Bd4 Be6 21. Ne3
Nxd3 22. Qxd3 Rac8 23. Re1 Kg8 24. Bxg7 Kxg7 25. Nd5 Qd7 26. Nb6 Qc6 27. Nxc8
Rxc8 28. Qd4+ f6 29. Qe3 Qb5 30. Re2 Rc5 31. Rd2 Bc4 32. f4 Bb3 33. Rf2 e6 34.
Qd4 Qc6 35. Rd2 d5 36. e5 f5 37. Qb4 Qb5 38. Rd4 Bc4 39. Ra4 Kf7 40. Qa3 Qc6
41. Rb4 Bb5 42. Qa1 Qc7 43. Qe1 Qe7 44. Rb3 Kg7 45. Ra3 Bc4 46. Ra1 Kf7 47. Qf2
Kg7 48. Rdd1 Bb3 49. Rd3 Bc4 50. Rh3 h5 51. b4 Rc6 52. Re1 Bb5 53. Ree3 Rc8 54.
Reg3 Rh8 55. Rg5 Kf7 56. Qg3 Rh6 57. Qe3 Rh8 58. Qb6 Rc8 59. Rhg3 Rg8 60. Kf2
Bc4 61. Ke3 Bb5 62. Qd6 Qxd6 63. exd6 Rg7 64. Kd4 Kf6 65. Kc5 Bc6 66. Kb6 Be8
67. Re3 Bc6 68. Rgg3 Rd7 69. Kc5 Bb5 70. Re1 Rd8 71. Rge3 Rc8+ 72. Kb6 Rc6+ 73.
Kxb7 Rxd6 74. g3 Rc6 0-1

[Event "VII Festival Magistrale"]
[Site "Marostica ITA"]
[Date "1997.09.??"]
[Round "7"]
[White "Di Lazzaro, Gabriele"]
[Black "Ferraro, Francesco"]
[Result "0-1"]
[WhiteElo "2030"]
[BlackElo "2060"]
[PlyCount "182"]
[EventDate "1997.09.07"]

1. e4 e5 2. d4 exd4 3. Qxd4 Nc6 4. Qe3 d6 5. Nc3 g6 6. Bc4 Bg7 7. Bd2 Be6 8.
Bxe6 fxe6 9. f4 Nge7 10. Nf3 Qd7 11. Ng5 h6 12. Nf3 O-O-O 13. O-O-O Kb8 14. Nb5
a6 15. Bc3 Bxc3 16. Nxc3 Qe8 17. Ne2 Qf7 18. Qb3 Rhf8 19. g3 e5 20. Qa4 Nc8 21.
Kb1 Nb6 22. Qa3 Rde8 23. Nd2 Nd7 24. Rhf1 Qe6 25. Rf2 Nf6 26. fxe5 Nxe5 27. Nf4
Qg8 28. h3 Ned7 29. Re2 Re7 30. Rde1 Rfe8 31. Qc3 Ne5 32. Nd3 Nfd7 33. Nxe5
Nxe5 34. Rf2 Nd7 35. Rfe2 h5 36. a3 Qe6 37. h4 Qg4 38. Re3 Rf7 39. R1e2 Ref8
40. b3 Rf2 41. Rxf2 Rxf2 42. Re1 Rg2 43. Nf1 Ne5 44. Kb2 b6 45. Ne3 Qxg3 46.
Nxg2 Qxg2 47. Re3 Qg4 48. Qe1 Qe6 49. Qe2 Kb7 50. Qd1 Qe7 51. Qh1 Qf6 52. Ka2
Qf2 53. Rc3 Qd2 54. Qh3 Qe1 55. Kb2 Qxe4 56. Qg3 Qd4 57. Qg5 Qe4 58. Qd8 Nc6
59. Qf6 b5 60. Qf3 Qxf3 61. Rxf3 Ne5 62. Rf6 Kc6 63. Kc3 Kc5 64. Rf8 a5 65. Rf4
Kd5 66. Kd2 c5 67. c3 Ke6 68. Ke2 Nc6 69. Rf8 b4 70. axb4 axb4 71. Kd3 bxc3 72.
Kxc3 Ne7 73. Rf1 Nf5 74. Rh1 d5 75. Re1+ Kf6 76. Rf1 Ke5 77. Rh1 Kf4 78. b4
cxb4+ 79. Kxb4 Kg4 80. Kc5 Nxh4 81. Kxd5 Nf5 82. Kc4 h4 83. Kd3 Kf3 84. Re1 h3
85. Re8 h2 86. Rh8 Kg2 87. Ke4 h1=Q 88. Rxh1 Kxh1 89. Kf4 Kh2 90. Kg5 Ne7 91.
Kf6 Kh3 0-1

[Event "VII Festival Magistrale"]
[Site "Marostica ITA"]
[Date "1997.09.??"]
[Round "7"]
[White "Everet, Alexandro"]
[Black "De Bortoli, Peter"]
[Result "1/2-1/2"]
[WhiteElo "2225"]
[BlackElo "2085"]
[PlyCount "39"]
[EventDate "1997.09.07"]

1. d4 Nf6 2. c4 e6 3. a3 b6 4. Nc3 Bb7 5. Qc2 c5 6. e3 g6 7. Nf3 Bg7 8. Be2 O-O
9. O-O d6 10. b3 Qe7 11. Bb2 e5 12. dxe5 dxe5 13. e4 Nc6 14. Nd5 Nxd5 15. exd5
Nd4 16. Nxd4 exd4 17. Bd3 f5 18. f3 Rac8 19. Qe2 Rfe8 20. Rae1 1/2-1/2

[Event "VII Festival Magistrale"]
[Site "Marostica ITA"]
[Date "1997.09.??"]
[Round "7"]
[White "Farago, Ivan"]
[Black "Drei, Andrea"]
[Result "1/2-1/2"]
[WhiteElo "2445"]
[BlackElo "2345"]
[PlyCount "67"]
[EventDate "1997.09.07"]

1. d4 Nf6 2. c4 e6 3. Nf3 b6 4. g3 Ba6 5. b3 Bb4+ 6. Bd2 Be7 7. Bg2 c6 8. Bc3
d5 9. Nbd2 Nbd7 10. O-O O-O 11. Rc1 Rc8 12. Rc2 b5 13. c5 Ne4 14. Nxe4 dxe4 15.
Nd2 f5 16. b4 Nf6 17. e3 Nd5 18. Qe2 Bf6 19. Nb3 Qc7 20. f3 exf3 21. Bxf3 Rce8
22. Bd2 Bc8 23. Qg2 Rd8 24. e4 fxe4 25. Bxe4 e5 26. dxe5 Qxe5 27. a3 Qh5 28.
Bf3 Bg4 29. Bxg4 Qxg4 30. Bf4 Rfe8 31. Na5 Re6 32. Rd2 Nxf4 33. gxf4 Qxg2+ 34.
Rxg2 1/2-1/2

[Event "VII Festival Magistrale"]
[Site "Marostica ITA"]
[Date "1997.09.??"]
[Round "7"]
[White "Guido, Flavio"]
[Black "Ricca, Roberto"]
[Result "1-0"]
[WhiteElo "2335"]
[BlackElo "2145"]
[PlyCount "81"]
[EventDate "1997.09.07"]

1. e4 e5 2. Nf3 Nc6 3. d4 exd4 4. Bc4 Nf6 5. e5 d5 6. Bb5 Ne4 7. Nxd4 Bc5 8.
Be3 Bd7 9. Bxc6 bxc6 10. O-O O-O 11. f3 Ng5 12. f4 Ne4 13. Nd2 Nxd2 14. Qxd2
Re8 15. Nb3 Bb6 16. a4 a5 17. Qc3 Qb8 18. Bc5 Bf5 19. Rf3 Qa7 20. Kh1 Be4 21.
Rg3 Re6 22. f5 Bxf5 23. Bxb6 Qxb6 24. Nd4 Be4 25. Nxe6 fxe6 26. Rf1 c5 27. b3
Qb4 28. h3 d4 29. Qxb4 cxb4 30. Rf4 Bd5 31. Rxd4 Rf8 32. Kg1 Rf5 33. Re3 Kf7
34. g4 Rg5 35. h4 Rg6 36. g5 Ke7 37. Rg3 h6 38. Kh2 hxg5 39. hxg5 Kd7 40. Kh3
Kc6 41. Kg4 1-0

[Event "VII Festival Magistrale"]
[Site "Marostica ITA"]
[Date "1997.09.??"]
[Round "7"]
[White "Mrdja, Milan"]
[Black "Ortega, Lexy"]
[Result "1-0"]
[WhiteElo "2390"]
[BlackElo "2470"]
[PlyCount "85"]
[EventDate "1997.09.07"]

1. e4 c5 2. Nf3 d6 3. d4 cxd4 4. Nxd4 Nf6 5. Nc3 a6 6. Bg5 e6 7. f4 Nbd7 8. Qf3
Qc7 9. O-O-O b5 10. Bd3 Bb7 11. Rhe1 O-O-O 12. Kb1 Kb8 13. a4 b4 14. Na2 Rc8
15. Qe2 Nc5 16. Bxf6 gxf6 17. Nxb4 Qb6 18. c3 Nxa4 19. Bxa6 d5 20. Qb5 Bxb4 21.
Bxb7 Qxb7 22. cxb4 Qxb5 23. Nxb5 Rc4 24. Rd4 Rxd4 25. Nxd4 dxe4 26. Rxe4 Kb7
27. Kc2 Rd8 28. Ne2 Nb6 29. Nc3 f5 30. Re3 Rd4 31. Rh3 Rxf4 32. g3 Rf2+ 33. Kb3
f4 34. Rxh7 fxg3 35. hxg3 Kc6 36. b5+ Kd7 37. Kb4 Ke7 38. b3 Rf3 39. g4 Kd6 40.
Rh1 f6 41. Rd1+ Nd5+ 42. Nxd5 exd5 43. Rc1 1-0

[Event "VII Festival Magistrale"]
[Site "Marostica ITA"]
[Date "1997.09.??"]
[Round "7"]
[White "Passerotti, Pierluigi"]
[Black "Contin, Daniel"]
[Result "1-0"]
[WhiteElo "2310"]
[BlackElo "2325"]
[PlyCount "95"]
[EventDate "1997.09.07"]

1. d4 e6 2. Nf3 Nf6 3. e3 b6 4. Bd3 Bb7 5. Nbd2 d5 6. O-O Nbd7 7. b3 Bd6 8. Bb2
Ne4 9. c4 f5 10. cxd5 Bxd5 11. Nc4 Ng5 12. Nxd6+ cxd6 13. Nd2 Nh3+ 14. Kh1 Qh4
15. Qe2 Nf6 16. f3 Ng5 17. Ba3 Ke7 18. Rac1 Rac8 19. Ba6 Rxc1 20. Rxc1 Rd8 21.
Kg1 Nf7 22. Bd3 Qh5 23. Qe1 Ng5 24. e4 fxe4 25. fxe4 Qg6 26. Rc7+ Rd7 27. Bxd6+
Kd8 28. Rxd7+ Kxd7 29. Bg3 Nfxe4 30. Qe3 Qf5 31. h4 Qg4 32. Bb5+ Ke7 33. Bf4
Nf6 34. Qg3 Qd1+ 35. Bf1 Nf7 36. Qxg7 Ne4 37. Nxe4 Bxe4 38. Be5 Bg6 39. Qf6+
Kd7 40. Bg3 Nd6 41. Qf4 Ne4 42. Qc7+ Ke8 43. Qb8+ Kf7 44. Qxa7+ Ke8 45. Qxb6
Bf5 46. Qb5+ Kf7 47. Qd7+ Kf8 48. Bf4 1-0

[Event "VII Festival Magistrale"]
[Site "Marostica ITA"]
[Date "1997.09.??"]
[Round "7"]
[White "Pegoraro, Nicola"]
[Black "Torelli, Mirco"]
[Result "1/2-1/2"]
[WhiteElo "2115"]
[BlackElo "1947"]
[PlyCount "36"]
[EventDate "1997.09.07"]

1. e4 c5 2. Nf3 e6 3. d4 cxd4 4. Nxd4 Nf6 5. Nc3 d6 6. g4 h6 7. Be3 Be7 8. h3
a6 9. Bg2 Qc7 10. Qd2 Bd7 11. O-O-O Nc6 12. Nb3 Ne5 13. Bf1 Nc4 14. Bxc4 Qxc4
15. Qd4 Qxd4 16. Nxd4 O-O-O 17. f3 Kb8 18. Kb1 Be8 1/2-1/2

[Event "VII Festival Magistrale"]
[Site "Marostica ITA"]
[Date "1997.09.??"]
[Round "7"]
[White "Quinn, Mark Peter"]
[Black "Godena, Michele"]
[Result "0-1"]
[WhiteElo "2375"]
[BlackElo "2515"]
[PlyCount "78"]
[EventDate "1997.09.07"]

1. c4 e5 2. Nc3 Nf6 3. Nf3 Nc6 4. a3 g6 5. g3 Bg7 6. Bg2 O-O 7. O-O d6 8. d3 h6
9. h3 Be6 10. e4 Ne7 11. Nd5 Nh7 12. d4 c6 13. Nxe7+ Qxe7 14. d5 cxd5 15. cxd5
Bd7 16. Bd2 f5 17. Re1 fxe4 18. Rxe4 Qf7 19. Rb4 a5 20. Rxb7 e4 21. Nh2 Qxf2+
22. Kh1 Rf7 23. Be1 Qe3 24. Rb3 Qg5 25. Qd2 Qxd2 26. Bxd2 Rf2 27. Nf1 Ng5 28.
Bxg5 hxg5 29. g4 Re8 30. Re1 Rxb2 31. Rbe3 Ra2 32. Bxe4 Bd4 33. Rd3 Bc5 34. Nh2
Rxa3 35. Rxa3 Bxa3 36. Nf3 Bb4 37. Re2 Bb5 38. Re3 Bc5 39. Rb3 Bc4 0-1

[Event "VII Festival Magistrale"]
[Site "Marostica ITA"]
[Date "1997.09.??"]
[Round "7"]
[White "Rosino, Antonio"]
[Black "Bracaglia, Carlo"]
[Result "1-0"]
[WhiteElo "2265"]
[BlackElo "2080"]
[PlyCount "101"]
[EventDate "1997.09.07"]

1. e4 e5 2. Nc3 Nc6 3. Nf3 Nf6 4. Bb5 d6 5. d4 exd4 6. Nxd4 Bd7 7. O-O Be7 8.
Re1 Nxd4 9. Qxd4 Bxb5 10. Nxb5 a6 11. Nc3 O-O 12. Bg5 h6 13. Bh4 Re8 14. Rad1
g5 15. Bg3 Bf8 16. f3 Bg7 17. Qc4 Nd7 18. Nd5 Rc8 19. c3 Ne5 20. Qb3 b5 21. Ne3
Re6 22. Rd5 c6 23. Rd2 Qf6 24. Qc2 h5 25. h3 Rce8 26. Qd1 Bf8 27. Rf1 h4 28.
Bh2 Ng6 29. Ng4 Qg7 30. Bxd6 Bxd6 31. Rxd6 Nf4 32. Rxe6 Rxe6 33. Qd8+ Kh7 34.
Rd1 b4 35. e5 bxc3 36. bxc3 Ne2+ 37. Kf2 Nf4 38. Rd2 c5 39. Qa8 Rxe5 40. Nxe5
Qxe5 41. Qe4+ Qxe4 42. fxe4 Kg7 43. Rd6 a5 44. a4 Ne6 45. Ra6 Kf6 46. Rxa5 Ke5
47. Kf3 g4+ 48. Kxg4 Kxe4 49. Rb5 Kd5 50. Rb3 c4 51. Ra3 1-0

[Event "VII Festival Magistrale"]
[Site "Marostica ITA"]
[Date "1997.09.??"]
[Round "7"]
[White "Scavo, Fernando"]
[Black "Marchini, Massimo"]
[Result "1/2-1/2"]
[WhiteElo "2185"]
[BlackElo "2150"]
[PlyCount "75"]
[EventDate "1997.09.07"]

1. e4 c5 2. c3 e6 3. d4 d5 4. exd5 exd5 5. Be3 Qb6 6. Qb3 Nf6 7. Nf3 c4 8. Qc2
g6 9. b3 Bf5 10. Qd1 Bg7 11. Be2 O-O 12. O-O Nbd7 13. Nbd2 cxb3 14. axb3 Qc7
15. c4 b6 16. Ne1 Ne4 17. Rc1 Rac8 18. Nxe4 dxe4 19. g4 Bxg4 20. Bxg4 f5 21.
Ng2 fxg4 22. Qxg4 Nf6 23. Qh4 Qd7 24. h3 Nh5 25. Qg4 Qe8 26. Rcd1 Rf5 27. Nh4
Nf6 28. Qg3 Nh5 29. Qh2 Rf7 30. Ng2 Qf8 31. Rfe1 Qb4 32. Rb1 Rcf8 33. Red1 Qa3
34. Rd2 Qe7 35. b4 Rf3 36. Ne1 R3f5 37. Ng2 Rf3 38. Ne1 1/2-1/2